Del agrarismo al industrialismo nacional / (Record no. 357)

000 -CABECERA
fixed length control field 00983nam a22002297a 4500
003 - IDENTIFICADOR DEL NÚMERO DE CONTROL
control field AR-CdUCM
008 - DATOS DE LONGITUD FIJA--INFORMACIÓN GENERAL
fixed length control field 190223b ||||| |||| 00| 0 spa d
040 ## - FUENTE DE LA CATALOGACIÓN
Agencia/entidad que catalogó originalmente la obra MUNICIPALIDAD PROVINCIAL DEL CUSCO
Entidad que transcribió la catalogación BIBLIOTECA MUNICIPAL DEL CUSCO
082 ## - NÚMERO DE LA CLASIFICACIÓN DECIMAL DEWEY
No. de Clasificación 338.109 /
Notacion interna A48
100 ## - ENTRADA PRINCIPAL--NOMBRE DE PERSONA
Nombre Personal Ambía, Abel Adrián
245 ## - MENCIÓN DE TÍTULO
Título Del agrarismo al industrialismo nacional /
260 ## - PUBLICACIÓN, DISTRIBUCIÓN, ETC.
Lugar de publicación, distribución, etc. Lima :
Nombre de la editorial, distribuidor, etc. Eds. Pukara,
Fecha de publicación, distribución, etc. 1970.
300 ## - DESCRIPCIÓN FÍSICA
Nº de Páginas Extensión 257 páginas ;
Dimensiones 21 cm.
500 ## - NOTA GENERAL
Bibliografía Bibliografía: p. 255-257.
505 ## - NOTA DE CONTENIDO CON FORMATO
Nota de contenido formateada Contenido: Panorama general de la Realidad Nacional -- Estructura agraria en el Perú -- Estado actual de la producción agraria -- Simbiosis agro-industrial -- ¿El Perú un país en vía de desarrollo? -- El industrialismo: su importancia en el desarrollo ...
650 ## - PUNTO DE ACCESO ADICIONAL DE MATERIA--TÉRMINO DE MATERIA
Descriptor Desarrollo agrícola
9 (RLIN) 1453
650 ## - PUNTO DE ACCESO ADICIONAL DE MATERIA--TÉRMINO DE MATERIA
Descriptor Realidad Nacional
9 (RLIN) 1454
650 ## - PUNTO DE ACCESO ADICIONAL DE MATERIA--TÉRMINO DE MATERIA
Descriptor Industrialización
9 (RLIN) 1455
650 ## - PUNTO DE ACCESO ADICIONAL DE MATERIA--TÉRMINO DE MATERIA
Descriptor Transformación económica
9 (RLIN) 1456
942 ## - ELEMENTOS DE PUNTO DE ACCESO ADICIONAL (KOHA)
Fuente de clasificación
Tipo de item Libros-BMC
945 ## - PROCESAMIENTO DE INFORMACIÓN LOCAL (OCLC)
Catalogador raen
AAAA-MM-DD - Fecha de ingreso o modificacion 2019-02-23
Holdings
Estado de retiro (separado) Fuente de clasificación o esquema de estanterías Estado dañado Ubicación Sala donde se ubica Nombre de la colección Fecha de adquisición o compra Costo, precio normal en soles Signatura topográfica Código de Barras Última vez visto (Koha) Tipo de ítem (Koha) Número de Ejemplar
No     Sala Humanidades Sala Humanidades Book Cart 2019-02-23 50.00 338.109 / A48 SH0000000372 2019-02-23 Libros-BMC  
No     Sala Humanidades Sala Humanidades Book Cart 2019-02-26 50.00 338.109 / A48 / e.2 SH0000001175 2019-02-26 Libros-BMC 2 ej.

Powered by Koha